[Event "Bouches du Rhone-ch 0203"]
[Site "Provence"]
[Date "2003.03.08"]
[Round "8"]
[White "Laugier, Alain"]
[Black "Alard, Francis"]
[Result "1/2-1/2"]
[WhiteElo "1880"]
[BlackElo "1710"]
[PlyCount "40"]
[EventDate "2002.10.??"]
[EventType "swiss"]
[EventRounds "9"]
[EventCountry "FRA"]
[SourceTitle "EXT 2005"]
[Source "ChessBase"]
[SourceDate "2004.11.15"]
[SourceVersion "1"]
[SourceVersionDate "2004.11.15"]
[SourceQuality "1"]

1. e4 c5 2. Nf3 d6 3. d4 cxd4 4. Nxd4 Nf6 5. Nc3 g6 6. f3 Bg7 7. Be3 0-0 8. Qd2 Nc6 9. g4 Be6 10. 0-0-0 Nxd4 11. Bxd4 Qa5 12. Kb1 Rac8 13. a3 a6 14. h4 h5 15. gxh5 Nxh5 16. Bxg7 Kxg7 17. Be2 Ng3 18. Qd4+ Qe5 19. Qxe5+ dxe5 20. Rh2 Nxe2 1/2-1/2

[Event "Bouches du Rhone-ch 0203"]
[Site "Provence"]
[Date "2002.12.14"]
[Round "4"]
[White "Laugier, Alain"]
[Black "Gaudino, Frederic"]
[Result "0-1"]
[WhiteElo "1880"]
[BlackElo "1670"]
[PlyCount "64"]
[EventDate "2002.10.??"]
[EventType "swiss"]
[EventRounds "9"]
[EventCountry "FRA"]
[SourceTitle "EXT 2005"]
[Source "ChessBase"]
[SourceDate "2004.11.15"]
[SourceVersion "1"]
[SourceVersionDate "2004.11.15"]
[SourceQuality "1"]

1. e4 c5 2. Nf3 d6 3. d4 cxd4 4. Nxd4 Nf6 5. Nc3 a6 6. Bg5 e6 7. f4 b5 8. a3 Bb7 9. Qf3 Nbd7 10. 0-0-0 Qb6 11. Bxf6 Nxf6 12. g4 Be7 13. g5 Nd7 14. h4 b4 15. axb4 Qxb4 16. Bh3 Nc5 17. Rhf1 Rb8 18. b3 Rc8 19. Kb2 Bxe4 20. Nxe4 Nxe4 21. Qxe4 Qc3+ 22. Kb1 Qxh3 23. Qb7 Qc3 24. Rd3 Qc5 25. Qg2 g6 26. Qe2 0-0 27. Rh1 Rfe8 28. h5 Bf8 29. Qh2 Bg7 30. hxg6 hxg6 31. Rh3 Qxd4 32. c3 Rxc3 0-1